000
00245nam a22001097a 4500
082
_a
667.9 OR'O
100
_a
MORGANS, W. M
_9
79078
245
_a
OUTLINES OF PAINTS TECHNOLOGY
260
_a
LONDON
_b
GRIFFIN
_c
1969
300
_a
414P
942
_c
BK
999
_c
584145
_d
584145